Devotional literature in South Asia : (Record no. 1715661)
[ view plain ]
| 000 -LEADER | |
|---|---|
| fixed length control field | 01143cam a2200241 a 4500 |
| 003 - CONTROL NUMBER IDENTIFIER | |
| control field | OSt |
| 005 - DATE AND TIME OF LATEST TRANSACTION | |
| control field | 20260318110711.0 |
| 008 - FIXED-LENGTH DATA ELEMENTS--GENERAL INFORMATION | |
| fixed length control field | 260318b |||||||| |||| 00| 0 eng d |
| 020 ## - INTERNATIONAL STANDARD BOOK NUMBER | |
| International Standard Book Number | 9780521413114 |
| 040 ## - CATALOGING SOURCE | |
| Transcribing agency | HDL |
| Language of cataloging | eng |
| 082 00 - DEWEY DECIMAL CLASSIFICATION NUMBER | |
| Classification number | 294.592 N2 |
| Edition number | 20 |
| 111 2# - MAIN ENTRY--MEETING NAME | |
| Meeting name or jurisdiction name as entry element | Conference on Devotional Literature in New Indo-Aryan Languages |
| Number of part/section/meeting | (4th : |
| Date of meeting or treaty signing | 1988 : |
| Location of meeting | Wolfson College) |
| 9 (RLIN) | 1132399 |
| 245 10 - TITLE STATEMENT | |
| Title | Devotional literature in South Asia : |
| Remainder of title | current research, 1985-1988 : papers of the Fourth Conference on Devotional Literature in New Indo-Aryan Languages, held at Wolfson College, Cambridge, 1-4 September 1988 / |
| Statement of responsibility, etc. | edited by R.S. McGregor. |
| 260 ## - PUBLICATION, DISTRIBUTION, ETC. | |
| Place of publication, distribution, etc. | Cambridge ; |
| -- | New York : |
| Name of publisher, distributor, etc. | Cambridge University Press, |
| Date of publication, distribution, etc. | 1992. |
| 300 ## - PHYSICAL DESCRIPTION | |
| Extent | xvi, 322 p. |
| Dimensions | 24 cm. |
| 440 #0 - SERIES STATEMENT/ADDED ENTRY--TITLE | |
| Title | University of Cambridge oriental publications ; |
| Volume/sequential designation | no. 46 |
| 9 (RLIN) | 1132400 |
| 650 #0 - SUBJECT ADDED ENTRY--TOPICAL TERM | |
| Topical term or geographic name entry element | Hindu literature |
| General subdivision | History and criticism |
| -- | Congresses. |
| 9 (RLIN) | 1132401 |
| 650 #0 - SUBJECT ADDED ENTRY--TOPICAL TERM | |
| Topical term or geographic name entry element | Islamic literature |
| General subdivision | History and criticism |
| -- | Congresses. |
| 9 (RLIN) | 1132402 |
| 650 #0 - SUBJECT ADDED ENTRY--TOPICAL TERM | |
| Topical term or geographic name entry element | Bhakti in literature |
| General subdivision | Congresses. |
| 9 (RLIN) | 1132403 |
| 700 1# - ADDED ENTRY--PERSONAL NAME | |
| Personal name | McGregor, R. S. |
| Fuller form of name | (Ronald Stuart) |
| 9 (RLIN) | 1132404 |
| 942 ## - ADDED ENTRY ELEMENTS (KOHA) | |
| Source of classification or shelving scheme | Colon Classification (CC) |
| Koha item type | Textual |
| Suppress in OPAC | No |
| Withdrawn status | Lost status | Source of classification or shelving scheme | Damaged status | Not for loan | Home library | Current library | Date acquired | Total Checkouts | Date last seen | Price effective from | Koha item type |
|---|---|---|---|---|---|---|---|---|---|---|---|
| Colon Classification (CC) | Department of History Library | Department of History Library | 2026-03-18 | 2026-03-18 | 2026-03-18 | Textual |
